000 00542nam a2200157 i 4500
001 75156
003 ES-MaACL
007 t|
008 040922s1952 sp ||||1| spa d
100 1 _aGraham, Kenneth.
_959521
245 1 0 _aTres croissants, un pulpo y medio palomo
_b: desventuras de un yanki en Francia /
_cKenneth Graham ; [versión española e ilustraciones de Ignacio Rived].
260 _aMadrid :
_b[s.n.,
_c1952] (
_fFenix)
300 _a192 p. ;
_c17 cm.
700 1 _aRived, Ignacio.
_997600
852 _aES-MaACL
_jC-6164
_bR.34366
999 _c75156
_d75156